000 01494nas a2200373 i 4500
001 178488
003 ES-MaACL
005 20250809020502.0
008 110603d18131848sp | | ||pa d
022 _a1138-3755
080 _a35(460)"18"
080 _a34(460)"18"
245 0 0 _aColección de decretos.
246 2 _aDecretos, ordenes y reglamentos ...
246 2 _aDecretos y resoluciones
246 2 _aDecretos del Rey ...
246 2 _aColección de las Leyes, decretos ...
246 2 _aDecretos de la Reina ...
260 _aMadrid :
_bImp. Real,
_c1813-1848.
300 _a328 v. ;
_c22 cm.
310 _aAnual
362 0 _aVol. 1 (1810)-v. 35 (1845)
500 _aDesde 1834: "Decretos de la Reina Isabel II" - Desde 1837: "Colección de las leyes... de las Cortes y de los Reales decretos.
500 _aCon apéndice a los tomos I, II, III y IV... años 1814... 1817, e Índice general de decretos desde 1814-45.
500 _aNumerosas variaciones en el tit.
650 7 _aDerecho-
_zEspaña
_2
_9141531
740 0 2 _aDecretos de la Reina Nuestra Señora Doña Isable II.
_n1834-1837.
740 0 2 _aColección de las leyes, decretos y declaraciones de las cortes y de los reales decretos.
_n1837-1846.
740 0 2 _aColección legislativa de España.
_nV. 36 (1846)-v. 145 (1890)
785 0 0 _tColección legislativa de España
_x0212-1492
852 _aES-MaACL
_jHem-318
866 0 _o1814-1846 (1847) 1848
999 _c178488
_d178488